| 000 | 00424nam a2200145Ia 4500 | ||
|---|---|---|---|
| 008 | 231129s1986||||xx |||||||||||||| ||spa|| | ||
| 020 | _a84-253-1992-7 | ||
| 040 | _bspa | ||
| 082 | _a370.15 S655s | ||
| 100 | _aSmith Manuel J. | ||
| 245 | 0 | _aSí puedo decir no: Enseñe a sus hijos a ser asertivos | |
| 260 | _c1986 | ||
| 264 | _aBarcelona España : Grijalbo | ||
| 942 |
_2ddc _cBKS |
||
| 999 |
_c24555 _d24555 |
||